عرض عادي
عرض مارك
- Reading comprehension
مدخل مصطلح موضوعي
001 - رقم الضبط
- حقل الضبط: 56879
003 - معرف رقم الضبط
- حقل الضبط: OSt
005 - تاريخ ووقت أخر عملية
- حقل الضبط: 20161129102530.0
008 - عناصر بيانات ثابتة الطول
- حقل تحكم ثابت الطول: 161129|| aca||aabn | a|a d
040 ## - مصدر الفهرسة
- هيئة الفهرسة الأصلية: OSt
- وكالة الكتابة: OSt
150 ## - مدخل-- مصطلح تاريخي
- عنصر مدخل المصطلح الموضوعي او الاسم الجغرافي: Reading comprehension
670 ## - بيانات المصدر موجوده
- الاستشهاد بالمصدر: Work cat.: (OSt)0: DRISCOLL ,LIZ 56876, Real reading. 3 :, c2011
